quelles vitamines? - Statistiques

Statistiques générales
  • Ce quiz a été pris 66 fois
  • Le résultat moyen est 7 sur 11
Statistiques - réponses
Hint Réponse % Correct
- pomme de terre - légumes verts - fruits frais
vitamine C / acide ascorbique
96%
- huile de foie de poisson- beurre - oeufs vitamine D / cholécalciférol
87%
- végétaux jaunes, oranges, verts foncés
- abats - oeufs - persil - foie
vitamine A / rétinol
83%
- huiles de graines de céréales - foie - oeufs - poisson vitamine E
83%
- céréales complètes- fruits secs - légumes verts vitamine B1 / Thiamine
66%
- légumes verts - huile de colza vitamine K
66%
- fruits de mer- oeufs - poisson - viande - foie vitamine B12
53%
- lait- fromage - oeufs - foie - céréales vitamine B2 / riboflavine
49%
- céréales- viande - foie - légumes vitamine B6 / pyridoxine
43%
- légumes secs- foie - poisson - viande vitamine B3 / PP / nicacine / acide nicotinique
42%
- jaune d'oeuf- abats - chocolat - viande vitamine B8 / biotine
42%
Aucun quiz correspondant
Distribution des résultats
% des personnes avec chaque résultat
Percentile par nombre de réponses
Votre historique - résultats
Vous n’avez pas pris ce quiz